[Event "Muenster op-A 39th"]
[Site "Muenster"]
[Date "2022.10.08"]
[Round "9"]
[White "Bungarten, Jona"]
[Black "Garbuz, Vitaliy"]
[Result "1-0"]
[WhiteElo "2010"]
[BlackElo "2142"]
[PlyCount "108"]
[EventDate "2022.10.01"]
[EventType "swiss"]
[EventRounds "9"]
[EventCountry "GER"]
[SourceTitle "EXT 2023"]
[Source "ChessBase"]
[SourceDate "2022.10.05"]
[SourceVersion "1"]
[SourceVersionDate "2022.10.05"]
[SourceQuality "1"]

1. e4 c5 2. c3 Nf6 3. e5 Nd5 4. d4 cxd4 5. Nf3 Nc6 6. Bc4 Nb6 7. Bb3 d5 8. exd6 Qxd6 9. 0-0 Be6 10. Na3 dxc3 11. Bxe6 Qxd1 12. Rxd1 fxe6 13. Nb5 Rc8 14. Nxc3 h6 15. Nd4 Kf7 16. Be3 Nc4 17. Nxc6 Rxc6 18. Bxa7 Nxb2 19. Rdb1 Nc4 20. Ne4 Nd6 21. Nxd6+ exd6 22. Rxb7+ Be7 23. a4 Rhc8 24. Be3 e5 25. a5 Ra6 26. Kf1 Ke6 27. Ke2 Rca8 28. Bd2 h5 29. Ra2 g6 30. Kd3 d5 31. Ke2 Bd8 32. Rg7 Kf6 33. Rd7 Bxa5 34. Rxd5 Bxd2 35. Raxd2 Ra1 36. h4 Kf5 37. g3 R8a5 38. Rd6 Ra6 39. R6d5 R6a5 40. Rd8 R5a2 41. Rf8+ Ke6 42. Rxa2 Rxa2+ 43. Ke3 Ra4 44. Rb8 Rg4 45. Rb6+ Kf5 46. Ra6 Re4+ 47. Kf3 Re1 48. Ra8 e4+ 49. Kg2 Re2 50. Kg1 Re1+ 51. Kg2 e3 52. Rf8+ Ke5 53. Re8+ Kd4 54. Rg8 Ke4 1-0

[Event "Muenster op-A 39th"]
[Site "Muenster"]
[Date "2022.10.07"]
[Round "8"]
[White "Garbuz, Vitaliy"]
[Black "Dordevic, Tom"]
[Result "1/2-1/2"]
[WhiteElo "2142"]
[BlackElo "1767"]
[PlyCount "83"]
[EventDate "2022.10.01"]
[EventType "swiss"]
[EventRounds "9"]
[EventCountry "GER"]
[SourceTitle "EXT 2023"]
[Source "ChessBase"]
[SourceDate "2022.10.05"]
[SourceVersion "1"]
[SourceVersionDate "2022.10.05"]
[SourceQuality "1"]

1. Nf3 Nf6 2. c4 e6 3. g3 d5 4. Bg2 Be7 5. d4 0-0 6. 0-0 dxc4 7. Ne5 Nc6 8. Nxc6 bxc6 9. Na3 Bxa3 10. bxa3 Rb8 11. Qa4 Nd5 12. Qxc4 Rb6 13. Re1 Ba6 14. Qc5 Qd7 15. e4 Rb5 16. Qxa7 Nb6 17. Bf4 g5 18. a4 Rb4 19. Rab1 Ra8 20. Qxa8+ Nxa8 21. Rxb4 gxf4 22. Rb8+ Kg7 23. Rxa8 Bc4 24. Rd1 Be2 25. Rd2 f3 26. Ra5 c5 27. Rxc5 Qxa4 28. Rcc2 e5 29. dxe5 Qxe4 30. Bf1 Bxf1 31. Kxf1 Qxe5 32. Rc1 Qe6 33. Rc3 Qh3+ 34. Ke1 Qg2 35. Kd1 Qf1+ 36. Kc2 Qa1 37. Kd3 Qf1+ 38. Kc2 Qa1 39. a3 Qa2+ 40. Kc1 Qa1+ 41. Kc2 Qa2+ 42. Kc1 1/2-1/2

[Event "GER-chT U20"]
[Site "Kiel"]
[Date "2022.07.26"]
[Round "7.1"]
[White "Garbuz, Vitaliy"]
[Black "Biermann, Lenhard"]
[Result "1/2-1/2"]
[WhiteElo "2088"]
[BlackElo "2078"]
[PlyCount "81"]
[EventDate "2022.07.22"]
[EventType "team-swiss"]
[EventRounds "7"]
[EventCountry "GER"]
[SourceTitle "CBM 209 Extra"]
[Source "ChessBase"]
[SourceDate "2022.09.30"]
[SourceVersion "1"]
[SourceVersionDate "2022.09.30"]
[SourceQuality "1"]
[WhiteTeam "Brackel"]
[BlackTeam "Bochum"]
[WhiteTeamCountry "GER"]
[BlackTeamCountry "GER"]

1. e4 e6 2. d4 d5 3. Nd2 Nf6 4. e5 Nfd7 5. f4 c5 6. c3 Nc6 7. Ndf3 Qb6 8. g3 Be7 9. Kf2 cxd4 10. cxd4 0-0 11. Kg2 f5 12. Ne2 Qd8 13. h3 Nb6 14. Nc3 Bd7 15. g4 Be8 16. Bd3 a5 17. a4 Nb4 18. Bb1 Rc8 19. Rg1 Qd7 20. Qe2 Qc6 21. Nd2 Nc4 22. Nf1 Kh8 23. Ng3 g6 24. Nb5 Qd7 25. b3 Nb6 26. Bd2 Na8 27. gxf5 gxf5 28. Bxb4 Bxb4 29. Bd3 Nc7 30. Rac1 Bf7 31. Rc2 Nxb5 32. Bxb5 Qe7 33. Rgc1 Rxc2 34. Rxc2 Rg8 35. Kh2 Qh4 36. Qe3 Qe7 37. Be2 Be1 38. Nf1 Bb4 39. Ng3 Be1 40. Nf1 Bb4 41. Ng3 1/2-1/2

[Event "Reykjavik Kvika op"]
[Site "Reykjavik"]
[Date "2022.04.10"]
[Round "6"]
[White "Anand Jr, Vignesh"]
[Black "Garbuz, Vitaliy"]
[Result "1/2-1/2"]
[WhiteElo "1829"]
[BlackElo "2142"]
[PlyCount "52"]
[EventDate "2022.04.06"]
[EventType "swiss"]
[EventRounds "9"]
[EventCountry "ISL"]
[SourceTitle "CBM 207 Extra"]
[Source "ChessBase"]
[SourceDate "2022.05.31"]
[SourceVersion "1"]
[SourceVersionDate "2022.05.31"]
[SourceQuality "1"]

1. c4 e6 2. Nc3 d5 3. d4 a6 4. cxd5 exd5 5. Qb3 c6 6. Nf3 Be7 7. Bf4 Nf6 8. h3 0-0 9. e3 Bd6 10. Ne5 Re8 11. Bd3 c5 12. Nxd5 Bxe5 13. dxe5 Nxd5 14. 0-0-0 Nxf4 15. Bxh7+ Kxh7 16. Rxd8 Rxd8 17. exf4 Kg8 18. f5 Nc6 19. f6 Nxe5 20. Qg3 Nd3+ 21. Kb1 g6 22. Qe3 Bf5 23. g4 Ne1+ 24. Kc1 Nd3+ 25. Kb1 Ne1+ 26. Kc1 Nd3+ 1/2-1/2

[Event "Reykjavik Kvika op"]
[Site "Reykjavik"]
[Date "2022.04.09"]
[Round "5"]
[White "Garbuz, Vitaliy"]
[Black "Herrera, Diego"]
[Result "1-0"]
[WhiteElo "2142"]
[BlackElo "1832"]
[PlyCount "113"]
[EventDate "2022.04.06"]
[EventType "swiss"]
[EventRounds "9"]
[EventCountry "ISL"]
[SourceTitle "CBM 207 Extra"]
[Source "ChessBase"]
[SourceDate "2022.05.31"]
[SourceVersion "1"]
[SourceVersionDate "2022.05.31"]
[SourceQuality "1"]

1. e4 c5 2. d4 cxd4 3. c3 Nf6 4. e5 Nd5 5. Nf3 Nc6 6. Bc4 Nb6 7. Bb3 d6 8. exd6 Qxd6 9. 0-0 g6 10. Ng5 e6 11. Qf3 Qe7 12. Ne4 f5 13. Ng5 Bd7 14. Nxe6 Bxe6 15. Re1 0-0-0 16. Rxe6 Qc5 17. Bg5 Be7 18. Bxe7 Nxe7 19. Re1 Nc6 20. cxd4 Nxd4 21. Qf4 Rhe8 22. Nc3 Rxe1+ 23. Rxe1 Nxb3 24. axb3 Qd6 25. Qh4 Qd2 26. Qe7 Qd7 27. Qc5+ Qc6 28. Qe3 Kb8 29. Qg5 Qd7 30. h4 Qd2 31. Qe7 Qd7 32. Qf6 Re8 33. Rd1 Qe7 34. Qd4 Qe5 35. Qb4 Qe7 36. Qf4+ Qc7 37. Qh6 Qe7 38. Nb5 Qe5 39. Nc3 Qe7 40. Qf4+ Qc7 41. Qh6 Qe7 42. g3 a6 43. h5 Qf7 44. hxg6 hxg6 45. Qf4+ Ka7 46. Nb5+ axb5 47. Ra1+ Na4 48. bxa4 Qd5 49. axb5+ Kb6 50. Qh6 Kxb5 51. Qg7 Qc6 52. b4 Kb6 53. Qd4+ Kc7 54. b5 Qd6 55. b6+ Kd7 56. Qa4+ Qc6 57. Rd1+ 1-0

[Event "Pfalz op-A 11th"]
[Site "Neustadt an der Weinstrasse"]
[Date "2020.02.24"]
[Round "6"]
[White "Garbuz, Vitaliy"]
[Black "Cofman, Veaceslav"]
[Result "1/2-1/2"]
[WhiteElo "2086"]
[BlackElo "2278"]
[PlyCount "68"]
[EventDate "2020.02.21"]
[EventType "swiss"]
[EventRounds "9"]
[EventCountry "GER"]
[SourceTitle "CBM 195 Extra"]
[Source "ChessBase"]
[SourceDate "2020.05.31"]
[SourceVersion "1"]
[SourceVersionDate "2020.05.31"]
[SourceQuality "1"]

1. e4 d5 2. exd5 Nf6 3. d4 Nxd5 4. Nf3 Bg4 5. Be2 e6 6. h3 Bh5 7. c4 Nf6 8. Qb3 b6 9. Bg5 c6 10. Nc3 Be7 11. 0-0 Nbd7 12. Rfd1 0-0 13. Rac1 Bg6 14. Qa4 Qc7 15. d5 Rfc8 16. b4 a5 17. dxc6 Qxc6 18. Qxc6 Rxc6 19. Rxd7 Nxd7 20. Bxe7 axb4 21. Bxb4 Nc5 22. Rd1 Rcc8 23. Rd6 Ne4 24. Rxb6 Nxc3 25. Bxc3 Rxa2 26. Nd4 h6 27. Bf1 Ra3 28. Nb5 Rb3 29. f3 f6 30. Bd4 e5 31. Bxe5 Bf7 32. Rb8 Rxb8 33. Bxb8 Rb1 34. Kf2 Rxf1+ 1/2-1/2

[Event "Pfalz op-A 11th"]
[Site "Neustadt an der Weinstrasse"]
[Date "2020.02.23"]
[Round "4"]
[White "Garbuz, Vitaliy"]
[Black "Schmider, Niklas"]
[Result "0-1"]
[WhiteElo "2086"]
[BlackElo "2280"]
[PlyCount "42"]
[EventDate "2020.02.21"]
[EventType "swiss"]
[EventRounds "9"]
[EventCountry "GER"]
[SourceTitle "CBM 195 Extra"]
[Source "ChessBase"]
[SourceDate "2020.05.31"]
[SourceVersion "1"]
[SourceVersionDate "2020.05.31"]
[SourceQuality "1"]

1. e4 c5 2. d4 cxd4 3. c3 dxc3 4. Nxc3 e6 5. Nf3 a6 6. Bc4 b5 7. Bb3 Bb7 8. 0-0 Nc6 9. Nd5 Na5 10. Bg5 Be7 11. Nxe7 Nxe7 12. e5 h6 13. Bd2 Nxb3 14. axb3 Nd5 15. Ba5 Qe7 16. Qd4 0-0 17. Nd2 Qg5 18. Ne4 Nf4 19. Nxg5 Ne2+ 20. Kh1 Nxd4 21. Nh3 Nxb3 0-1

[Event "Dortmund NRW Cup U20"]
[Site "Dortmund"]
[Date "2019.07.16"]
[Round "4"]
[White "Elier, Ali"]
[Black "Garbuz, Vitaliy"]
[Result "1/2-1/2"]
[WhiteElo "2030"]
[BlackElo "2128"]
[PlyCount "60"]
[EventDate "2019.07.13"]
[EventType "tourn"]
[EventRounds "9"]
[EventCountry "GER"]
[SourceTitle "CBM 191 Extra"]
[Source "ChessBase"]
[SourceDate "2019.09.30"]
[SourceVersion "1"]
[SourceVersionDate "2019.09.30"]
[SourceQuality "1"]

1. e4 c5 2. Nc3 a6 3. Nf3 e6 4. d4 cxd4 5. Nxd4 Qc7 6. a3 Nf6 7. Be3 b5 8. Be2 Bb7 9. Bf3 b4 10. axb4 Bxb4 11. Qd3 d5 12. exd5 Nxd5 13. Bd2 Bxc3 14. Bxc3 Nd7 15. Bxd5 Bxd5 16. 0-0 0-0 17. Nf5 Bc4 18. Qd4 f6 19. Rfd1 exf5 20. Qxd7 Qxd7 21. Rxd7 Rfe8 22. Rc7 Rac8 23. Rxc8 Rxc8 24. Re1 Kf7 25. f3 Re8 26. Rxe8 Kxe8 27. Kf2 Kd7 28. Ke3 Ke6 29. Ba5 Bd5 30. Kd4 Kd6 1/2-1/2

[Event "Dortmund NRW Cup U20"]
[Site "Dortmund"]
[Date "2019.07.13"]
[Round "1"]
[White "Gallasch, Robin"]
[Black "Garbuz, Vitaliy"]
[Result "1-0"]
[WhiteElo "1987"]
[BlackElo "2128"]
[PlyCount "119"]
[EventDate "2019.07.13"]
[EventType "tourn"]
[EventRounds "9"]
[EventCountry "GER"]
[SourceTitle "CBM 191 Extra"]
[Source "ChessBase"]
[SourceDate "2019.09.30"]
[SourceVersion "1"]
[SourceVersionDate "2019.09.30"]
[SourceQuality "1"]

1. d4 d5 2. c4 c6 3. cxd5 cxd5 4. Nc3 Nf6 5. Bf4 Nc6 6. e3 e6 7. Nf3 Bd6 8. Bg3 0-0 9. Bd3 a6 10. Rc1 Ne7 11. Ne5 Nf5 12. Bf4 Be7 13. 0-0 h6 14. h3 Nd6 15. Bb1 Bd7 16. Qd3 Rc8 17. f3 Nc4 18. Ng4 g6 19. Nxh6+ Kh8 20. Qe2 Qa5 21. Qf2 Kg7 22. Ng4 Nxg4 23. fxg4 f5 24. g5 Rf7 25. Bd3 Nxb2 26. Qxb2 Ba3 27. Qd2 Bxc1 28. Rxc1 b5 29. Be5+ Kh7 30. Qf2 Kg8 31. Ne2 Rxc1+ 32. Nxc1 Qc3 33. Qc2 Qe1+ 34. Bf1 Qxe3+ 35. Kh1 Qxg5 36. Nd3 f4 37. Qf2 Qf5 38. Qh4 Rh7 39. Qd8+ Qf8 40. Qxf8+ Kxf8 41. Nxf4 g5 42. Nd3 Rf7 43. Kg1 a5 44. Nc5 b4 45. Bd6+ Kg7 46. Bd3 Bc8 47. Be5+ Kh6 48. g3 Bd7 49. Kg2 a4 50. Bd6 Bc6 51. Nxe6 Rf6 52. Bf8+ Rxf8 53. Nxf8 Bb5 54. Bb1 Bc4 55. Ne6 Bxa2 56. Bxa2 b3 57. Bb1 a3 58. Nc5 a2 59. Bxa2 bxa2 60. Nb3 1-0

[Event "GER-ch U25-A"]
[Site "Willingen"]
[Date "2019.06.11"]
[Round "4"]
[White "Hartmann, Jakob"]
[Black "Garbuz, Vitaliy"]
[Result "0-1"]
[WhiteElo "2144"]
[BlackElo "2051"]
[PlyCount "114"]
[EventDate "2019.06.08"]
[EventType "swiss"]
[EventRounds "9"]
[EventCountry "GER"]
[SourceTitle "CBM 191 Extra"]
[Source "ChessBase"]
[SourceDate "2019.09.30"]
[SourceVersion "1"]
[SourceVersionDate "2019.09.30"]
[SourceQuality "1"]

1. e4 c5 2. Nf3 Nc6 3. d4 cxd4 4. Nxd4 g6 5. c4 Bg7 6. Be3 Nf6 7. Nc3 d6 8. Be2 0-0 9. 0-0 Nd7 10. Rc1 Nc5 11. Qd2 Bd7 12. Rfd1 Rc8 13. f3 b6 14. Ncb5 Nxd4 15. Bxd4 a6 16. Bxg7 Kxg7 17. Nc3 a5 18. Nd5 Bc6 19. b3 f6 20. Qe3 Bxd5 21. cxd5 Qd7 22. Rc2 b5 23. f4 Rc7 24. h3 b4 25. Bc4 f5 26. e5 Ne4 27. Bb5 Qd8 28. Rxc7 Qxc7 29. Rc1 Nc3 30. e6 Rc8 31. Qd4+ Kg8 32. Kh2 Qc5 33. Qxc5 Rxc5 34. Bc6 Kg7 35. Rc2 Kf6 36. h4 h6 37. g3 g5 38. hxg5+ hxg5 39. Kg2 gxf4 40. gxf4 Ne4 41. Rxc5 Nxc5 42. Kf3 Nd3 43. Ke3 Nc1 44. Be8 Nxa2 45. Bh5 Nc3 46. Kd4 a4 47. bxa4 Nxa4 48. Bd1 Nc5 49. Kc4 Kg6 50. Bc2 b3 51. Bd1 b2 52. Bc2 Ne4 53. Kd3 Kh5 54. Bb1 Kg4 55. Kc2 Kxf4 56. Kxb2 Nf6 57. Ba2 Ke5 0-1